[Event "Polanica Zdroj op-E 46th"]
[Site "Polanica Zdroj"]
[Date "2010.08.21"]
[Round "3"]
[White "Duda, Ryszard"]
[Black "Spychalska, Bozena"]
[Result "1-0"]
[WhiteElo "1773"]
[BlackElo "1606"]
[PlyCount "71"]
[EventDate "2010.08.19"]
[EventType "swiss"]
[EventRounds "10"]
[EventCountry "POL"]
[SourceTitle "CBM 138 Extra"]
[Source "ChessBase"]
[SourceDate "2010.10.29"]
[SourceVersion "1"]
[SourceVersionDate "2010.10.29"]
[SourceQuality "1"]

1. e4 e5 2. Nf3 d6 3. d4 Nd7 4. Bc4 c6 5. c3 Be7 6. Qb3 Nh6 7. Bxh6 gxh6 8. Bxf7+ Kf8 9. Bh5 d5 10. dxe5 Nb6 11. Nbd2 Be6 12. 0-0-0 Bg5 13. Kb1 Qe7 14. Qc2 Bxd2 15. Rxd2 Qg7 16. g3 Nd7 17. Nd4 Qxe5 18. Nxe6+ Qxe6 19. exd5 cxd5 20. Re2 Qf6 21. Rhe1 Qg5 22. Bf3 Nb6 23. h4 Qg6 24. Re5 Qxc2+ 25. Kxc2 Rd8 26. Bh5 Rd7 27. Re8+ Kg7 28. R1e7+ Rxe7 29. Rxe7+ Kf6 30. Rxb7 Rd8 31. Rxa7 Rd7 32. Ra6 Rd6 33. Bf3 Ke5 34. a4 Nd7 35. Rxd6 Kxd6 36. b4 1-0

[Event "Rowy Seniors-ch 15th"]
[Site "Rowy"]
[Date "2009.09.14"]
[Round "7"]
[White "Spychalska, Bozena"]
[Black "Krawczyk, Zbigniew"]
[Result "0-1"]
[WhiteElo "1617"]
[BlackElo "1757"]
[PlyCount "82"]
[EventDate "2009.09.08"]
[EventType "swiss"]
[EventRounds "9"]
[EventCountry "POL"]
[SourceTitle "EXT 2010"]
[Source "ChessBase"]
[SourceDate "2010.11.25"]
[SourceVersion "1"]
[SourceVersionDate "2010.11.25"]
[SourceQuality "1"]

1. e4 c6 2. d4 d5 3. e5 Bf5 4. Nf3 e6 5. Be2 Nd7 6. 0-0 h6 7. h3 c5 8. c3 cxd4 9. cxd4 Ne7 10. Be3 Nc6 11. Bd3 Bxd3 12. Qxd3 Be7 13. Nc3 a6 14. a3 0-0 15. b4 b5 16. Rac1 Rc8 17. Nh2 Nb6 18. Ra1 Nc4 19. Bf4 Qb6 20. Nf3 Rc7 21. Rfb1 Rfc8 22. Ne2 a5 23. Bd2 axb4 24. axb4 Ra7 25. Rxa7 Qxa7 26. Bc3 Ra8 27. Nd2 Nxd2 28. Qxd2 Qb6 29. Qd3 Ra4 30. Qd2 Qa6 31. Kh2 Ra2 32. Qe1 Qa4 33. Nc1 Ra3 34. Nd3 Qc2 35. Rc1 Qxd3 36. Qe3 Qxe3 37. fxe3 Ra4 38. Bd2 Nxb4 39. Kg3 Ra2 40. Rc8+ Kh7 41. Bxb4 Bxb4 0-1

[Event "POL-ch disabled"]
[Site "Rowy"]
[Date "2009.09.06"]
[Round "8.26"]
[White "Galka, Kazimierz"]
[Black "Spychalska, Bozena"]
[Result "1-0"]
[WhiteElo "1820"]
[BlackElo "1617"]
[PlyCount "47"]
[EventDate "2009.09.01"]
[EventType "swiss"]
[EventRounds "9"]
[EventCountry "POL"]
[SourceTitle "EXT 2023"]
[Source "ChessBase"]
[SourceDate "2022.10.05"]
[SourceVersion "1"]
[SourceVersionDate "2022.10.05"]
[SourceQuality "1"]

1. e4 e5 2. f4 exf4 3. Nf3 g5 4. h4 f6 5. hxg5 fxg5 6. d4 d6 7. Bc4 Be7 8. Bxg8 Rxg8 9. Rxh7 Bg4 10. Nc3 c6 11. Qd3 Nd7 12. Bd2 Nf8 13. Rh1 Qd7 14. 0-0-0 0-0-0 15. Rde1 Ng6 16. Rh7 Qe8 17. d5 Ne5 18. Nxe5 dxe5 19. Qc4 Bd7 20. dxc6 Bxc6 21. Nd5 Rd6 22. Rxe7 Qf8 23. Rxe5 Kb8 24. Rf5 1-0

[Event "POL-ch disabled"]
[Site "Rowy"]
[Date "2009.09.04"]
[Round "6.37"]
[White "Spychalska, Bozena"]
[Black "Skrzynski, Mieczyslaw"]
[Result "1-0"]
[WhiteElo "1617"]
[BlackElo "1400"]
[PlyCount "56"]
[EventDate "2009.09.01"]
[EventType "swiss"]
[EventRounds "9"]
[EventCountry "POL"]
[SourceTitle "EXT 2023"]
[Source "ChessBase"]
[SourceDate "2022.10.05"]
[SourceVersion "1"]
[SourceVersionDate "2022.10.05"]
[SourceQuality "1"]

1. e4 e5 2. Nf3 c6 3. Nc3 Nf6 4. Nxe5 d6 5. Nf3 Be6 6. d4 Nbd7 7. Bg5 Be7 8. Be2 0-0 9. e5 dxe5 10. dxe5 Nd5 11. Bxe7 Qxe7 12. 0-0 Rad8 13. Qe1 b5 14. a3 a5 15. h3 a4 16. Ne4 h6 17. Bd3 f5 18. exf6 N7xf6 19. Qe2 g6 20. Rfe1 Qg7 21. Nxf6+ Rxf6 22. Ne5 Nf4 23. Qe3 Bd5 24. Be4 Kh7 25. f3 Bxe4 26. fxe4 Qc7 27. Ng4 Rfd6 28. Qxf4 Qg7 1-0

[Event "POL-ch disabled"]
[Site "Rowy"]
[Date "2009.09.02"]
[Round "3.33"]
[White "Spychalska, Bozena"]
[Black "Jackowski, Ryszard"]
[Result "0-1"]
[WhiteElo "1617"]
[BlackElo "1853"]
[PlyCount "36"]
[EventDate "2009.09.01"]
[EventType "swiss"]
[EventRounds "9"]
[EventCountry "POL"]
[SourceTitle "EXT 2023"]
[Source "ChessBase"]
[SourceDate "2022.10.05"]
[SourceVersion "1"]
[SourceVersionDate "2022.10.05"]
[SourceQuality "1"]

1. e4 g6 2. d4 Bg7 3. Nf3 d6 4. h3 Nf6 5. Bd3 Nbd7 6. c3 0-0 7. 0-0 e5 8. Bg5 Re8 9. Qd2 c6 10. Re1 Nf8 11. Na3 Ne6 12. Be3 Nh5 13. Kh2 a6 14. Nc2 b5 15. a3 Bb7 16. dxe5 dxe5 17. b4 Nhf4 18. Bf1 Qc7 0-1

[Event "POL-ch disabled"]
[Site "Rowy"]
[Date "2009.09.02"]
[Round "2.25"]
[White "Wroblewski, Mieczyslaw"]
[Black "Spychalska, Bozena"]
[Result "1-0"]
[WhiteElo "1830"]
[BlackElo "1617"]
[PlyCount "64"]
[EventDate "2009.09.01"]
[EventType "swiss"]
[EventRounds "9"]
[EventCountry "POL"]
[SourceTitle "EXT 2023"]
[Source "ChessBase"]
[SourceDate "2022.10.05"]
[SourceVersion "1"]
[SourceVersionDate "2022.10.05"]
[SourceQuality "1"]

1. e4 e5 2. Nf3 d6 3. d4 exd4 4. Nxd4 Nf6 5. Nc3 c6 6. Nf3 Qc7 7. Bg5 Be7 8. Qd2 Bg4 9. Be2 Nbd7 10. Nd4 Bxe2 11. Qxe2 0-0 12. 0-0-0 Rfe8 13. f4 Bf8 14. Qf3 a6 15. Rhe1 h6 16. Bh4 c5 17. Nf5 g6 18. Ne3 Bg7 19. Nc4 Bf8 20. Qd3 Rad8 21. Nxd6 Bxd6 22. Qxd6 Qc6 23. Qxc6 bxc6 24. e5 Nh5 25. Bxd8 Rxd8 26. g3 Ng7 27. Rd3 Kf8 28. Red1 Ke8 29. Ne4 Ne6 30. Nd6+ Ke7 31. Nb7 Nef8 32. Nxd8 Kxd8 1-0

[Event "Polanica Zdroj op Seniors 45th"]
[Site "Polanica Zdroj"]
[Date "2009.08.23"]
[Round "6"]
[White "Jurkiewicz, Kazimierz"]
[Black "Spychalska, Bozena"]
[Result "0-1"]
[WhiteElo "1437"]
[BlackElo "1622"]
[PlyCount "22"]
[EventDate "2009.08.18"]
[EventType "swiss"]
[EventRounds "9"]
[EventCountry "POL"]
[SourceTitle "EXT 2012"]
[Source "ChessBase"]
[SourceDate "2011.11.24"]
[SourceVersion "1"]
[SourceVersionDate "2011.11.24"]
[SourceQuality "1"]

1. d4 d5 2. Bf4 c6 3. e3 e6 4. c4 Nf6 5. h3 Be7 6. Nf3 Bb4+ 7. Nbd2 dxc4 8. Bxc4 Nd5 9. Bd3 0-0 10. a3 Be7 11. b4 b5 0-1

[Event "Polanica Zdroj op Seniors 45th"]
[Site "Polanica Zdroj"]
[Date "2009.08.23"]
[Round "5"]
[White "Spychalska, Bozena"]
[Black "Niezgoda, Boleslaw"]
[Result "0-1"]
[WhiteElo "1622"]
[BlackElo "1781"]
[PlyCount "40"]
[EventDate "2009.08.18"]
[EventType "swiss"]
[EventRounds "9"]
[EventCountry "POL"]
[SourceTitle "EXT 2012"]
[Source "ChessBase"]
[SourceDate "2011.11.24"]
[SourceVersion "1"]
[SourceVersionDate "2011.11.24"]
[SourceQuality "1"]

1. e4 c5 2. f4 g6 3. Nf3 Bg7 4. c3 Nc6 5. Bc4 e6 6. d4 cxd4 7. cxd4 d5 8. Bb5 dxe4 9. Bxc6+ bxc6 10. Ne5 Ne7 11. 0-0 0-0 12. Nc3 f6 13. Nc4 f5 14. Be3 Nd5 15. Bf2 Nxf4 16. Be3 Nd3 17. Rb1 Bxd4 18. Kh1 Ba6 19. Bxd4 Qxd4 20. Qd2 Bxc4 0-1

[Event "Brandenburg-ch Seniors 18th"]
[Site "Rowy"]
[Date "2009.06.29"]
[Round "8"]
[White "Assmann, Hans"]
[Black "Spychalska, Bozena"]
[Result "1-0"]
[WhiteElo "1594"]
[BlackElo "1418"]
[PlyCount "120"]
[EventDate "2009.06.22"]
[EventType "swiss"]
[EventRounds "9"]
[EventCountry "POL"]
[SourceTitle "EXT 2022"]
[Source "ChessBase"]
[SourceDate "2021.10.06"]
[SourceVersion "1"]
[SourceVersionDate "2021.10.06"]
[SourceQuality "1"]

1. e4 e5 2. Nf3 d6 3. Nc3 c6 4. Bc4 Be7 5. d4 exd4 6. Nxd4 Nf6 7. 0-0 0-0 8. Re1 Re8 9. Bb3 Bf8 10. Bg5 Nbd7 11. a3 Qc7 12. f3 a6 13. Kh1 c5 14. Nde2 h6 15. Be3 c4 16. Ba2 b5 17. Nf4 Bb7 18. Qd4 Qc8 19. Ncd5 Qd8 20. c3 g5 21. Nxf6+ Nxf6 22. Ne2 Nd7 23. b3 cxb3 24. Bxb3 Rc8 25. Rac1 Qe7 26. Red1 Nc5 27. Ba2 Ne6 28. Qd2 f6 29. Nd4 Qd7 30. Nf5 Red8 31. Bb6 Re8 32. Nxd6 Bxd6 33. Qxd6 Qxd6 34. Rxd6 Rc6 35. Rxc6 Bxc6 36. Rd1 Kg7 37. Rd6 Nd8 38. Bxd8 Bb7 39. Bb6 Bc8 40. Bd4 Rf8 41. Rc6 Kg6 42. g4 Bb7 43. Rb6 Bc8 44. Kg2 Kg7 45. Bd5 Kg6 46. Kg3 Kg7 47. h4 gxh4+ 48. Kxh4 Kg6 49. f4 Kg7 50. f5 Kh7 51. Rc6 Kh8 52. Bxf6+ Rxf6 53. Rxf6 Kg7 54. Rg6+ Kh7 55. Kh5 Bd7 56. Rxh6+ Kg7 57. Rxa6 Be8+ 58. Kg5 Bf7 59. Ra7 Kf8 60. Rxf7+ Ke8 1-0

[Event "Brandenburg-ch Seniors 18th"]
[Site "Rowy"]
[Date "2009.06.25"]
[Round "4"]
[White "Spychalska, Bozena"]
[Black "Ulrich, Gert"]
[Result "1/2-1/2"]
[WhiteElo "1418"]
[BlackElo "1540"]
[PlyCount "53"]
[EventDate "2009.06.22"]
[EventType "swiss"]
[EventRounds "9"]
[EventCountry "POL"]
[SourceTitle "EXT 2022"]
[Source "ChessBase"]
[SourceDate "2021.10.06"]
[SourceVersion "1"]
[SourceVersionDate "2021.10.06"]
[SourceQuality "1"]

1. e4 c5 2. Nf3 e6 3. d4 cxd4 4. Nxd4 a6 5. c3 b5 6. a3 Bb7 7. Bd3 Ne7 8. 0-0 Nbc6 9. Be3 Ng6 10. f4 d6 11. Qg4 Nxd4 12. cxd4 Qh4 13. Qe2 e5 14. g3 Qh3 15. fxe5 dxe5 16. d5 Be7 17. Nd2 0-0 18. Rac1 Rac8 19. Rb1 Rc7 20. Rf5 Rfc8 21. Nf3 Bc5 22. Bxc5 Rxc5 23. Ng5 Rc1+ 24. Rxc1 Rxc1+ 25. Rf1 Rxf1+ 26. Qxf1 Qxf1+ 27. Bxf1 1/2-1/2

[Event "Brandenburg Seniors op 16th"]
[Site "Rowy"]
[Date "2007.06.25"]
[Round "7"]
[White "Spychalska, Bozena"]
[Black "Kolkwitz, Klaus"]
[Result "1/2-1/2"]
[WhiteElo "1600"]
[BlackElo "1688"]
[PlyCount "73"]
[EventDate "2007.06.18"]
[EventType "swiss"]
[EventRounds "9"]
[EventCountry "POL"]
[SourceTitle "EXT 2011"]
[Source "ChessBase"]
[SourceDate "2010.11.26"]
[SourceVersion "1"]
[SourceVersionDate "2010.11.26"]
[SourceQuality "1"]

1. e4 d6 2. d4 g6 3. Nf3 Bg7 4. Bd3 Nf6 5. 0-0 0-0 6. Re1 Bg4 7. Be3 c6 8. h3 Bxf3 9. Qxf3 Qc7 10. c3 Nbd7 11. Bf4 e5 12. Be3 a6 13. Nd2 b5 14. a3 c5 15. Rac1 c4 16. Bc2 Nb6 17. Qg3 Nh5 18. Qg4 Qd7 19. Qe2 Nc8 20. Nf3 Qc7 21. Qd2 Ne7 22. Bh6 f5 23. Bxg7 Nxg7 24. Qh6 Ne6 25. exf5 Nxf5 26. Bxf5 Rxf5 27. Qe3 Nf4 28. Rcd1 Raf8 29. dxe5 Nd3 30. exd6 Qxd6 31. Re2 Qf6 32. Rdd2 Nf4 33. Re1 Nxg2 34. Kxg2 Rxf3 35. Qe6+ Kg7 36. Qxf6+ R3xf6 37. Rde2 1/2-1/2

[Event "Brandenburg Seniors op 16th"]
[Site "Rowy"]
[Date "2007.06.18"]
[Round "1"]
[White "Spychalska, Bozena"]
[Black "Dluski, Emil"]
[Result "0-1"]
[WhiteElo "1600"]
[BlackElo "1956"]
[PlyCount "132"]
[EventDate "2007.06.18"]
[EventType "swiss"]
[EventRounds "9"]
[EventCountry "POL"]
[SourceTitle "EXT 2011"]
[Source "ChessBase"]
[SourceDate "2010.11.26"]
[SourceVersion "1"]
[SourceVersionDate "2010.11.26"]
[SourceQuality "1"]

1. e4 c5 2. Nf3 Nc6 3. c3 g6 4. d4 cxd4 5. cxd4 Bg7 6. Be3 Qb6 7. Qd2 e6 8. Bc4 Na5 9. Be2 d5 10. e5 Ne7 11. Bd3 0-0 12. b3 Nac6 13. 0-0 Nb4 14. Nc3 Bd7 15. Rfd1 Rfc8 16. Rac1 a5 17. Bb1 a4 18. bxa4 Bxa4 19. Nxa4 Rxa4 20. Bh6 Rxc1 21. Rxc1 Nbc6 22. Bxg7 Kxg7 23. Rd1 Rb4 24. Qd3 Nf5 25. Bc2 Ncxd4 26. Nxd4 Rxd4 27. Qe2 Qb2 28. Bd3 Qxe2 29. Bxe2 Re4 30. Bd3 Rxe5 31. f4 Re3 32. Kf1 d4 33. Bxf5 gxf5 34. Rxd4 Ra3 35. Rd2 h5 36. g3 Kg6 37. Kg2 h4 38. Kh3 hxg3 39. hxg3 f6 40. Rb2 e5 41. fxe5 fxe5 42. Kh4 Ra4+ 43. Kh3 Kg5 44. Rxb7 Rxa2 45. Rb6 f4 46. gxf4+ Kxf4 47. Rg6 e4 48. Rg4+ Ke5 49. Rg5+ Kd4 50. Rg3 e3 51. Rg4+ Kd3 52. Rg3 Kd2 53. Rg2+ e2 54. Kg3 Kd1 55. Rxe2 Rxe2 56. Kf3 Kd2 57. Kg3 Ke3 58. Kg4 Rf2 59. Kg3 Rf3+ 60. Kg4 Rf1 61. Kg3 Rg1+ 62. Kh2 Rg8 63. Kh3 Kf4 64. Kh2 Kf3 65. Kh1 Kf2 66. Kh2 Rh8# 0-1

[Event "Rowy Seniors op 7th"]
[Site "Rowy"]
[Date "2003.03.17"]
[Round "8"]
[White "Szydlowski, Wiktor"]
[Black "Spychalska, Bozena"]
[Result "1-0"]
[WhiteElo "2000"]
[BlackElo "1600"]
[PlyCount "49"]
[EventDate "2003.08.??"]
[EventType "swiss"]
[EventRounds "9"]
[EventCountry "POL"]
[SourceTitle "EXT 2006"]
[Source "ChessBase"]
[SourceDate "2005.11.24"]
[SourceVersion "1"]
[SourceVersionDate "2005.11.24"]
[SourceQuality "1"]

1. e4 e5 2. Nf3 d6 3. d4 Nf6 4. dxe5 Nxe4 5. Qd5 Nc5 6. b4 Ne6 7. Bd3 Be7 8. 0-0 0-0 9. Bb2 Nf4 10. Qe4 Nxd3 11. cxd3 dxe5 12. Nxe5 f5 13. Qc4+ Kh8 14. Nf7+ Rxf7 15. Qxf7 Bf8 16. Re1 Bd7 17. Nd2 Nc6 18. b5 Ne7 19. Rxe7 Qxe7 20. Bxg7+ Bxg7 21. Qxe7 Bxb5 22. Rd1 Bxd3 23. Nb3 Be4 24. Rd8+ Rxd8 25. Qxd8+ 1-0

[Event "Ciechocinek KPZ-ch (Women)"]
[Site "Ciechocinek"]
[Date "2002.??.??"]
[Round "4"]
[White "Spychalska, Bozena"]
[Black "Kubicka, Iwona"]
[Result "0-1"]
[WhiteElo "1600"]
[BlackElo "1600"]
[PlyCount "134"]
[EventDate "2002.??.??"]
[EventType "tourn"]
[EventRounds "9"]
[EventCountry "POL"]
[SourceTitle "EXT 2007"]
[Source "ChessBase"]
[SourceDate "2006.11.23"]
[SourceVersion "1"]
[SourceVersionDate "2006.11.23"]
[SourceQuality "1"]

1. e4 c6 2. d4 d5 3. e5 Bf5 4. h3 Nd7 5. f4 e6 6. Nf3 c5 7. c3 cxd4 8. cxd4 Bb4+ 9. Bd2 Bxd2+ 10. Nbxd2 Rc8 11. Rc1 Ne7 12. Be2 0-0 13. 0-0 Qb6 14. Nb3 h6 15. Qd2 Nc6 16. Kh2 Nb4 17. Rxc8 Rxc8 18. a3 Nc2 19. Nc5 Nxc5 20. dxc5 Rxc5 21. b4 Rc7 22. Rc1 Nxa3 23. Rxc7 Qxc7 24. Nd4 Be4 25. b5 Nc4 26. Qc3 Qc5 27. h4 Qa3 28. Nb3 Qa2 29. Nc1 Qd2 30. Qxd2 Nxd2 31. g4 Nb1 32. Nb3 b6 33. g5 hxg5 34. fxg5 Nc3 35. Nd4 Nxe2 36. Nxe2 Bd3 37. Nd4 g6 38. Kg2 Kf8 39. Kf3 a6 40. bxa6 Bxa6 41. Ke3 Bc4 42. Nc2 b5 43. Kd4 Ke7 44. Kc5 Kd7 45. Na3 Kc7 46. Nxb5+ Bxb5 47. Kxb5 d4 48. Kc4 Kc6 49. Kxd4 Kb5 50. Ke4 Kc5 51. Kf4 Kd4 52. Kg4 Kxe5 53. h5 gxh5+ 54. Kxh5 Kf5 55. Kh6 e5 56. Kh5 e4 57. Kh4 Kf4 58. Kh3 Kxg5 59. Kg3 f5 60. Kf2 f4 61. Ke2 Kg4 62. Kf2 e3+ 63. Ke2 Kg3 64. Kf1 f3 65. Ke1 Kg2 66. Kd1 f2 67. Ke2 f1Q+ 0-1

[Event "Ciechocinek KPZ-ch (Women)"]
[Site "Ciechocinek"]
[Date "2002.??.??"]
[Round "6"]
[White "Spychalska, Bozena"]
[Black "Wesolowska, Edyta"]
[Result "0-1"]
[WhiteElo "1600"]
[BlackElo "1800"]
[PlyCount "52"]
[EventDate "2002.??.??"]
[EventType "tourn"]
[EventRounds "9"]
[EventCountry "POL"]
[SourceTitle "EXT 2007"]
[Source "ChessBase"]
[SourceDate "2006.11.23"]
[SourceVersion "1"]
[SourceVersionDate "2006.11.23"]
[SourceQuality "1"]

1. e4 c5 2. d4 cxd4 3. c3 dxc3 4. Nxc3 Nc6 5. Nf3 d6 6. Bc4 e6 7. 0-0 Nf6 8. Re1 Be7 9. a3 a6 10. b4 b5 11. Ba2 0-0 12. Bb2 Bb7 13. h3 Rc8 14. Nh2 Qb6 15. Ng4 Nxg4 16. Qxg4 Ne5 17. Qg3 Ng6 18. Re2 Bh4 19. Qe3 Qxe3 20. Rxe3 Bf6 21. f3 Bd4 22. Rae1 Bxe3+ 23. Rxe3 Ne5 24. Re1 Nd3 25. Rb1 Nxb2 26. Rxb2 Rxc3 0-1